000 00676nam a22001937a 4500
005 20240725155104.0
010 _aENG-140854
020 _c825.00
_a9789355327215
035 _aEN-124386
037 _bDBAD/PUB
082 _a658.5
100 _aJ.Bowersox donald
_968906
245 _aSupply of Chain
_cDonald J.Bowersox , David J.Closs, M.Bixby Cooper, [and] John C. Bowersox
_bLogisitices management
250 _a1
260 _aChennai
_bMc Graw Hill Education ( India) Pvt Limited
_c2020
270 _bChennai
_aAnjana Complex, no:5/90A, Butt Road, St. Thomas Mount, Chennai
_e6000016
300 _a461vpp.
_c26(pb)
942 _2ddc
_cEN
_h658.5
_mBOW
999 _c204376
_d204376